Statistics for Pokemon ranger 2 catchable pokemons

Click here to take the quiz!

General Stats

  • This quiz has been taken 10 times
  • The average score is 180 of 270

Answer Stats

Answer% Correct
Blastoise
100%
Charizard
100%
Charmander
100%
Charmeleon
100%
Eevee
100%
Empoleon
100%
Pikachu
100%
Piplup
100%
Prinplup
100%
Raichu
100%
Squirtle
100%
Wartortle
100%
Bastiodon
83%
Bibarel
83%
Bidoof
83%
Budew
83%
Buizel
83%
Chimchar
83%
Combee
83%
Cranidos
83%
Darkrai
83%
Gastly
83%
Gengar
83%
Golbat
83%
Grotle
83%
Haunter
83%
Infernape
83%
Lucario
83%
Luxio
83%
Luxray
83%
Monferno
83%
Mothim
83%
Pachirisu
83%
Pichu
83%
Rampardos
83%
Riolu
83%
Roserade
83%
Sandshrew
83%
Shieldon
83%
Shinx
83%
Staraptor
83%
Staravia
83%
Starly
83%
Torterra
83%
Turtwig
83%
Umbreon
83%
Vespiquen
83%
Weedle
83%
Zubat
83%
Abomasnow
67%
Abra
67%
Aerodactyl
67%
Aipom
67%
Alakazam
67%
Altaria
67%
Ambipom
67%
Ariados
67%
Bagon
67%
Beedrill
67%
Bellossom
67%
Bonsly
67%
Bronzong
67%
Bronzor
67%
Buneary
67%
Cacnea
67%
Cacturne
67%
Camerupt
67%
Carnivine
67%
Celebi
67%
Cherrim
67%
Cherubi
67%
Chinchou
67%
Chingling
67%
Claydol
67%
Cresselia
67%
Croagunk
67%
Crobat
67%
Dialga
67%
Dodrio
67%
Doduo
67%
Dragonair
67%
Drapion
67%
Dratini
67%
Drifblim
67%
Drifloon
67%
Electabuzz
67%
Electivire
67%
Elekid
67%
Espeon
67%
Fearow
67%
Finneon
67%
Flareon
67%
Floatzel
67%
Flygon
67%
Forretress
67%
Froslass
67%
Gabite
67%
Gallade
67%
Garchomp
67%
Gardevoir
67%
Gible
67%
Glaceon
67%
Glalie
67%
Glameow
67%
Gligar
67%
Gliscor
67%
Gloom
67%
Gorebyss
67%
Hariyama
67%
Heatran
67%
Hippopotas
67%
Hippowdon
67%
Honchkrow
67%
Horsea
67%
Houndoom
67%
Houndour
67%
Huntail
67%
Jigglypuff
67%
Jolteon
67%
Jynx
67%
Kangaskhan
67%
Kingdra
67%
Kirlia
67%
Koffing
67%
Kricketot
67%
Kricketune
67%
Lanturn
67%
Larvitar
67%
Leafeon
67%
Lickilicky
67%
Lopunny
67%
Lumineon
67%
Machamp
67%
Machoke
67%
Machop
67%
Magby
67%
Magcargo
67%
Magmar
67%
Magmortar
67%
Magnemite
67%
Magneton
67%
Magnezone
67%
Makuhita
67%
Mamoswine
67%
Mantine
67%
Mantyke
67%
Miltank
67%
Mime Jr.
67%
Misdreavus
67%
Mismagius
67%
Mr. Mime
67%
Munchlax
67%
Murkrow
67%
Nosepass
67%
Numel
67%
Oddish
67%
Omanyte
67%
Omastar
67%
Palkia
67%
Pelipper
67%
Piloswine
67%
Pineco
67%
Pinsir
67%
Porygon-Z
67%
Probopass
67%
Pupitar
67%
Purugly
67%
Ralts
67%
Raticate
67%
Rattata
67%
Regice
67%
Regigigas
67%
Regirock
67%
Registeel
67%
Rhydon
67%
Rhyhorn
67%
Rhyperior
67%
Roselia
67%
Salamence
67%
Scizor
67%
Scyther
67%
Seadra
67%
Sealeo
67%
Sharpedo
67%
Shelgon
67%
Skorupi
67%
Skuntank
67%
Slakoth
67%
Slugma
67%
Sneasel
67%
Snorunt
67%
Snover
67%
Spearow
67%
Spheal
67%
Spinarak
67%
Spiritomb
67%
Starmie
67%
Staryu
67%
Stunky
67%
Sudowoodo
67%
Swellow
67%
Swinub
67%
Taillow
67%
Tangrowth
67%
Tauros
67%
Torkoal
67%
Toxicroak
67%
Tyranitar
67%
Vaporeon
67%
Vileplume
67%
Wailmer
67%
Wailord
67%
Walrein
67%
Weavile
67%
Weezing
67%
Wigglytuff
67%
Wingull
67%
Yanma
67%
Yanmega
67%
Absol
50%
Aggron
50%
Ampharos
50%
Arcanine
50%
Aron
50%
Banette
50%
Chatot
50%
Corsola
50%
Delibird
50%
Dusclops
50%
Dusknoir
50%
Duskull
50%
Electrode
50%
Flaaffy
50%
Gastrodon
50%
Geodude
50%
Girafarig
50%
Golem
50%
Graveler
50%
Growlithe
50%
Happiny
50%
Lairon
50%
Mankey
50%
Mareep
50%
Mawile
50%
Muk
50%
Ninetales
50%
Ninjask
50%
Nuzleaf
50%
Qwilfish
50%
Sableye
50%
Sandslash
50%
Sceptile
50%
Seedot
50%
Shaymin
50%
Shellos
50%
Shiftry
50%
Shuppet
50%
Skarmory
50%
Tentacruel
50%
Tyrogue
50%
Victreebel
50%
Voltorb
50%
Vulpix
50%
Ponyta
33%
Primeape
33%
Rapidash
33%
Togekiss
33%
Blaziken
17%
Drowzee
17%
Hypno
17%

Score Distribution

Percentile by Number Answered

Percent of People with Each Score

Your Score History

You have not taken this quiz